| 000 | 00520nam a22001817a 4500 | ||
|---|---|---|---|
| 005 | 20251108165322.0 | ||
| 008 | 250721s1991 xx 000 0 ara d | ||
| 082 | 1 | 4 | _a960/محم |
| 100 | 1 | _aيماني، محمد عبده | |
| 245 | 1 | 0 | _aإفريقيا لماذا / |
| 264 | 1 |
_aالقاهرة : _bدار الصحوة للنشر و التوزيع، _c1991. |
|
| 300 | _a490ص | ||
| 650 | 1 | 7 | _aإفريقيا |
| 650 | 1 | 7 | _aتاريخ إفريقيا |
| 650 | 1 | 7 | _aالإسلام |
| 942 |
_2ddc _cBK |
||
| 999 |
_c24959 _d24959 |
||